Cities beginning with C on a map - Statistics

General Stats
  • This quiz has been taken 110 times
  • The average score is 23 of 53
Answers on the Map
Answers color-coded by a green-red scale on the quiz's map according to % correct below.
 
Answer Stats
Answer % Correct
zoomable-circle Chicago
94%
zoomable-circle Cairo
91%
zoomable-circle Copenhagen
89%
zoomable-circle Casablanca
86%
zoomable-circle Calgary
85%
zoomable-circle Cape Town
85%
zoomable-circle Caracas
84%
zoomable-circle Cologne
81%
zoomable-circle Canberra
78%
zoomable-circle Cancun
75%
zoomable-circle Colombo
75%
zoomable-circle Chișinău
74%
zoomable-circle Charlotte
71%
zoomable-circle Chennai
71%
zoomable-circle Cleveland
71%
zoomable-circle Conakry
68%
zoomable-circle Cali
66%
zoomable-circle Cincinnati
66%
zoomable-circle Columbus
56%
zoomable-circle Chengdu
53%
zoomable-circle Cordoba
53%
zoomable-circle Castries
52%
zoomable-circle Charleston
52%
zoomable-circle Cotonou
52%
zoomable-circle Chongqing
49%
zoomable-circle Columbia
49%
zoomable-circle Cebu
47%
zoomable-circle Curitiba
46%
zoomable-circle Cheyenne
45%
zoomable-circle Chittagong
43%
zoomable-circle Cartagena
40%
zoomable-circle Cape Coral
32%
zoomable-circle Carson City
30%
zoomable-circle Chihuahua
28%
zoomable-circle Concord
28%
zoomable-circle Changsha
26%
zoomable-circle Campinas
25%
zoomable-circle Chelyabinsk
24%
zoomable-circle Cochabamba
22%
zoomable-circle Coimbatore
18%
zoomable-circle Changchun
13%
zoomable-circle Chandigarh
11%
zoomable-circle Chonburi
8%
zoomable-circle Cuernavaca
8%
zoomable-circle Cucuta
7%
zoomable-circle Changwon
6%
zoomable-circle Cheongju
3%
zoomable-circle Cirebon
2%
zoomable-circle Changde
1%
zoomable-circle Chifeng
1%
zoomable-circle Cangnan
0%
zoomable-circle Changzhi
0%
zoomable-circle Chuzhou
0%
No matching quizzes found
Score Distribution
Percent of People with Each Score
Percentile by Number Answered
Your Score History
You have not taken this quiz